00477pam a2200169 a 4500001000800000005001700008008004100025020002300066020002300089040001800112082002300130100002600153245005400179260003600233300001800269650002000287155861320240304011825.0920317s1992 enka b 001 0 eng  a1856490009 (cloth) a1856490017 (paper) aDLCcDLCdDLC00a323.334.220bREF.1 aMartin, Forbes Susan.10aRefugee women /cprepared by Susan Forbes Martin. aLondon ;bZed Books LTD,c1992. axii, 140 p. : 0aWomen refugees.